000 00393nam a2200157Ia 4500
008 230524s9999 xx 000 0 und d
020 _a8178672677
082 _a510
_bJEF
100 _aAlan Jeffrey
_91550
245 0 _aAdvanced Engineering Mathematics
260 _aNEW DELHI
_bAcademic
_c2003
300 _aXIX;1160
500 _aQuantity Number: 1
650 _aMathematics
942 _cBK
999 _c3553
_d3553